000 00682nam a2200217Ii 4500
003 JO-AjNU
008 230605s9999||||xx |||||||||||||| ||und||
017 _a2000/8/2495
040 _aJO-AjNU
_bara
_erda
_cJO-AjNU
041 _aara
050 1 4 _aHG1707.R2852 2003
100 3 _aالراوي، خالد وهيب,
_eauthor
_933390
245 0 0 _aادارة العمليات المصرفية
250 _aط2
264 3 1 _aعمان: دار المناهج للنشر والتوزيع، 2003
300 _a559ص
336 _atext
_btxt
_2rdacontent
337 _aunmediated
_bn
_2rdamedia
338 _avolume
_bnc
_2rdacarrier
650 4 _aالعلوم المصرفية
_933391
999 _aA13585
_c17153
_d17153